| 000 | 00402nam a2200181Ia 4500 | ||
|---|---|---|---|
| 008 | 210210b1945 xxu||||| |||| 00| 0 eng d | ||
| 041 | _aeng | ||
| 082 | _a335/377 | ||
| 100 | _a- | ||
| 245 | _aFood plan for India | ||
| 260 |
_aLondon _bOxford University Press _c1945 |
||
| 650 | _aplan | ||
| 650 | _aIndia | ||
| 650 | _afor | ||
| 650 | _aFood | ||
| 690 | _aIndian Economics | ||
| 906 | _a004719 | ||
| 999 |
_c127738 _d127738 |
||